00587nam a2200157Ia 4500008004100000020001800041050001800059100001800077240005700095245008900152260003400241300001100275700003100286952009500317999001700412120626s9999 xx 000 0 und d a84-7509-590-9 aRC489.F33 O55 aONNIS,Luigí aTerapia familiar de los transtornos psicosomáticos aTerapia familiar de los transtornos psicosomáticos / Luigí Onnis; tr. Susana E S aBarcelona; España: Paidós a143 p. aSPIEGLER, SUSANA E. tr.Ì 00104070a09b09d2011-03-09l0oRC489.F33 O55p09 004023r2012-06-26t1w2012-06-26yLB c64800d64800